A technológia hatása a szervezeti belső kommunikációra, nagyvállalati környezetben

Bibliográfiai részletek
Szerző: De Petris István
További közreműködők: Németh Dr. Tamás
Házi Krisztián
Dokumentumtípus: Diplomadolgozat
Kulcsszavak:Belső kommunikáció
ICT
Nagyvállalatok
Online Access:http://dolgozattar.uni-bge.hu/19735

MARC

LEADER 00000nta a2200000 i 4500
001 dolg19735
005 20181217123009.0
008 181217suuuu hu om 000 hun d
040 |a BGE Dolgozattár Repozitórium  |b hun 
041 |a hu 
100 1 |a De Petris István 
245 1 2 |a A technológia hatása a szervezeti belső kommunikációra, nagyvállalati környezetben  |c De Petris István  |h [elektronikus dokumentum] 
246 1 1 |a A technológia hatása a szervezeti belső kommunikációra, nagyvállalati környezetben 
246 1 1 |a The effect of technological advances on internal communication in corporate environments 
695 |a Belső kommunikáció 
695 |a ICT 
695 |a Nagyvállalatok 
700 1 |a Németh Dr. Tamás  |e ths 
700 1 |a Házi Krisztián  |e ths 
856 4 0 |u http://dolgozattar.uni-bge.hu/19735/7/De%20Petris%20Istv%C3%A1n%20technologia%20belso%20kommunkacio.pdf  |z Dokumentum-elérés